000 00605nam a2200205 i 4500
001 bg
100 1 _aKUBIK, Jan
245 1 0 _aZbiór zadań z mechaniki /
_cJan Kubik.
260 _aOpole :
_bOficyna Wydawnicza PO,
_c2002.
300 _a338 s. :
_bil. ;
_c24 cm.
490 1 _aSkrypt / Politechnika Opolska,
_x1427-9932 ;
_vnr 249
650 9 _aMechanika
655 _aĆwiczenia i zadania dla szkół wyższych
830 0 _aSkrypt (Politechnika Opolska) ;
_vnr 249
040 _cBPK
041 0 _apol
080 _a531/534(075.8)(076)
942 _cKS
008 s pl f |000 0 pol
999 _c43901
_d43901
856 _uhttp://koha.tu.koszalin.pl/cgi-bin/koha/opac-detail.pl?biblionumber=43901
_yKatalog online BPK